000 00463pab a2200169 454500
008 180718b2001 xxu||||| |||| 00| 0 eng d
100 _aKumar, G. Gopa
245 _aKerala: defensive Left and divided Congress
260 _c2001
300 _ap.1581-584
362 _a12 May
650 _aKerala. Legislative Assembly - Elections
650 _aElections - India - Kerala
650 _aElections
773 _aEconomic and Political Weekly
909 _a48362
999 _c48362
_d48362